Biggest sources of immigrants to Texas - Statistics

General Stats
  • This quiz has been taken 58 times
  • The average score is 8 of 10
Answer Stats
Hint Answer % Correct
2,386,805 Mexico
98%
127,328 China
87%
343,210 India
85%
57,057 Canada
79%
63,908 Colombia
79%
72,993 Cuba
79%
241,650 El Salvador
79%
177,147 Vietnam
72%
105,276 Philippines
70%
65,399 Korea
62%
No matching quizzes found
Score Distribution
Percent of People with Each Score
Percentile by Number Answered
Your Score History
You have not taken this quiz